00761naa#a2200181#i#4500001002100000005001700021011001400038100004100052101000800093102000700101200012500108210016900233215001000402608004500412700005600457700005200513856001400565RU\INFRA-M\bibl\536820260414195419.2##a2226-7867##a20150317b2015####ek#y0rusy0150####ca0#aRUS##aRU1#aА.И. Васильев – первый Министр финансов РоссииeЖурнальная статья1#aМоскваcОбщество с ограниченной ответственностью «Научно-издательский центр ИНФРА-М»d2015##a7 с.##aЖурнальная статья2local#1aГоличевgВладимир Дмитрович#1aПоповаgВера Владимировна4#azh-szf.ru